000 01350cam a22003254a 4500
001 12301590
003 OSt
005 20240619095356.0
008 010206s2001 gw a b 001 0 eng
010 _a 2001020294
020 _a3540416072 (acidfree paper)
040 _aMUST LIB
_cMUST
_dMUST
042 _apcc
050 0 0 _aQA911
_b.L66 2001
082 0 0 _a531.11
_221
_bLOM
100 1 _aLomax, Harvard.
_917484
245 1 0 _aFundamentals of computational fluid dynamics /
_cH. Lomax, T.H. Pulliam, D.W. Zingg.
260 _aBerlin ;
_aNew York :
_bSpringer,
_cc2001.
300 _axiv, 249 p. :
_bill. ;
_c24 cm.
440 0 _aScientific computation,
_x1434-8322
_917286
500 _aIncludes index.
650 0 _aComputational fluid dynamics.
_913739
700 1 _aPulliam, T. H.
_q(Thomas H.),
_d1951-
_917485
700 1 _aZingg, D. W.
_q(David W.),
_d1958-
_917486
856 4 2 _3Publisher description
_uhttp://www.loc.gov/catdir/enhancements/fy0816/2001020294-d.html
856 4 1 _3Table of contents only
_uhttp://www.loc.gov/catdir/enhancements/fy0816/2001020294-t.html
906 _a7
_bcbc
_corignew
_d1
_eocip
_f20
_gy-gencatlg
942 _2ddc
_cO_SHELF
999 _c8634
_d8634